000 01035nam a2200265Ia 4500
003 OSt
005 20221005110534.0
006 a|||||r|||| 00| 0
007 ta
008 221004b |||||||| |||| 00| 0 hin d
020 _a8177142208 (hbk)
_c175
024 _a86979
037 _b156, 28/03/2007, Swaraj Book Distributor
_cTextual
040 _aCRL
_cCRL
_bhin
041 _2hin
_ahin
082 _aO152,1N177:g, P6
100 _aनवल, नन्दकिशोर
245 0 _aमुक्तिबोध की कविताएॅं बिम्ब - प्रतिबिम्ब
246 _aMuktibodh kī kavitāeॅan bimba - pratibimba
260 _aनई दिल्ली
_bप्रकाशन संस्थान भारत
_c2006
300 _a159पृ0
_ccm.
650 _aहिन्दी साहित्य
942 _hO152,1N177:g, P6
_cTEXL
_2cc
999 _c1019134
_d1019134